[Event "Dortmund Sparkassen op-B"]
[Site "Dortmund"]
[Date "2006.08.04"]
[Round "7"]
[White "Lanwehr, Klaus"]
[Black "Bieberle, Gerhart"]
[Result "0-1"]
[WhiteElo "1802"]
[BlackElo "1639"]
[PlyCount "168"]
[EventDate "2006.07.28"]
[EventType "swiss"]
[EventRounds "9"]
[EventCountry "GER"]
[SourceTitle "CBM 113 Extra"]
[Source "ChessBase"]
[SourceDate "2006.09.14"]
[SourceVersion "1"]
[SourceVersionDate "2006.09.14"]
[SourceQuality "1"]

1. c4 c5 2. Nc3 Nc6 3. Nf3 g6 4. d4 cxd4 5. Nxd4 Bg7 6. Nc2 Bxc3+ 7. bxc3 Nf6 8. Bh6 Rg8 9. e3 Qa5 10. Be2 Qxc3+ 11. Qd2 Qxd2+ 12. Kxd2 Ne4+ 13. Ke1 f6 14. h4 Ne5 15. Bf4 Kf7 16. Nd4 a6 17. Rc1 Nc5 18. Rc3 d6 19. f3 Bd7 20. Kf2 Kg7 21. g4 Rac8 22. g5 f5 23. Rhc1 Nf7 24. Nc2 e5 25. Bh2 a5 26. Na3 h6 27. gxh6+ Kxh6 28. Nb5 Ne6 29. Rd1 Bxb5 30. Rd5 Bc6 31. Rxa5 Ra8 32. Rca3 Rxa5 33. Rxa5 Nc5 34. f4 e4 35. Bg3 Kg7 36. Ra3 Nd8 37. Rc3 Nde6 38. Rc1 Ra8 39. Rd1 Rd8 40. h5 Nd3+ 41. Kg2 Ra8 42. Rd2 Nec5 43. hxg6 Kxg6 44. Bh4 Na4 45. Be7 Nc3 46. Bxd6 Rxa2 47. Rxa2 Nxa2 48. Bd1 Nc3 49. Bb3 Ba4 50. Bxa4 Nxa4 51. Kf1 Nab2 52. c5 Na4 53. Ke2 Ndxc5 54. Kd2 Kh5 55. Be5 Kg4 56. Bd4 Kf3 57. Kd1 Nd3 58. Kd2 b5 59. Kc2 Ke2 60. Kb3 Kd2 61. Ka3 Nc3 62. Kb3 Nd1 63. Bc3+ Nxc3 64. Ka3 Nd1 65. Kb3 Kxe3 66. Kc2 N1f2 67. Kc3 Kxf4 68. Kd2 Kg4 69. Ke3 b4 70. Kd2 b3 71. Kc3 e3 72. Kxb3 e2 73. Kc2 f4 74. Kd2 e1Q+ 75. Kc2 Qe2+ 76. Kc3 f3 77. Kd4 Nh1 78. Kc3 f2 79. Kd4 f1Q 80. Kc3 Qf6+ 81. Kc4 Qe4+ 82. Kb3 Qfc6 83. Ka2 Qea4+ 84. Kb1 Qc1# 0-1

[Event "Dortmund Sparkassen op-B"]
[Site "Dortmund"]
[Date "2006.07.28"]
[Round "1"]
[White "Lanwehr, Klaus"]
[Black "Wendt, Fabian"]
[Result "1-0"]
[WhiteElo "1802"]
[BlackElo "1496"]
[PlyCount "83"]
[EventDate "2006.07.28"]
[EventType "swiss"]
[EventRounds "9"]
[EventCountry "GER"]
[SourceTitle "CBM 113 Extra"]
[Source "ChessBase"]
[SourceDate "2006.09.14"]
[SourceVersion "1"]
[SourceVersionDate "2006.09.14"]
[SourceQuality "1"]

1. c4 Nf6 2. Nf3 g6 3. g3 Bg7 4. Bg2 0-0 5. 0-0 d6 6. Nc3 c6 7. Rb1 e5 8. d3 a5 9. a3 Nh5 10. Bg5 f6 11. Bd2 f5 12. b4 axb4 13. axb4 Bd7 14. b5 Qe7 15. Qb3 Kh8 16. Bg5 Qf7 17. Ra1 Rxa1 18. Rxa1 e4 19. Nd2 cxb5 20. Rb1 exd3 21. exd3 bxc4 22. Nxc4 h6 23. Bd5 Qe8 24. Bd2 Bc6 25. Nxd6 Bxd5 26. Qxd5 Qc6 27. Rxb7 Nf6 28. Qxc6 Nxc6 29. Kg2 Kg8 30. Ne2 Ne8 31. Nxe8 Rxe8 32. Nf4 Re7 33. Rb6 g5 34. Rxc6 gxf4 35. Bxf4 Rd7 36. Bxh6 Rxd3 37. Rg6 f4 38. Rxg7+ Kh8 39. Rc7 f3+ 40. Kh3 Rd5 41. Rc4 Rd2 42. Bxd2 1-0

[Event "Ruhrgebiet VK3 0405"]
[Site "Ruhrgebiet"]
[Date "2005.03.13"]
[Round "8.5"]
[White "Lanwehr, Klaus"]
[Black "Oelze, Achim"]
[Result "1/2-1/2"]
[WhiteElo "1863"]
[BlackElo "1851"]
[PlyCount "114"]
[EventDate "2004.09.12"]
[EventType "team"]
[EventRounds "9"]
[EventCountry "GER"]
[SourceTitle "EXT 2006"]
[Source "ChessBase"]
[SourceDate "2005.11.24"]
[SourceVersion "1"]
[SourceVersionDate "2005.11.24"]
[SourceQuality "1"]
[WhiteTeam "Dortmund 1875"]
[BlackTeam "Essen Borbeck II"]
[WhiteTeamCountry "GER"]
[BlackTeamCountry "GER"]

1. c4 Nf6 2. Nf3 g6 3. g3 Bg7 4. Bg2 0-0 5. 0-0 d6 6. d4 c6 7. Nc3 Bf5 8. Bf4 Ne4 9. Nh4 Nxc3 10. bxc3 Be6 11. d5 cxd5 12. cxd5 Bg4 13. h3 Bd7 14. Qd2 Qc8 15. Rac1 Bxh3 16. Bh6 Na6 17. Bxg7 Kxg7 18. Qd4+ f6 19. Nf3 Bd7 20. Kh2 Qc5 21. Qe4 Rfe8 22. Nd4 Nc7 23. Rh1 Rac8 24. Kg1 Nb5 25. Nxb5 Qxb5 26. Rb1 Qa6 27. Qe3 h5 28. Be4 Rc7 29. f4 Bg4 30. f5 Qxe2 31. Qxe2 Bxe2 32. fxg6 b6 33. Rb3 Bg4 34. Kf2 f5 35. Bd3 e5 36. dxe6 Rxe6 37. Rf1 Kxg6 38. Ra3 Re5 39. c4 Rce7 40. Rc1 Kg5 41. Bf1 Be2 42. Bg2 Bg4 43. Bf1 f4 44. gxf4+ Kxf4 45. Rd3 R7e6 46. Rcc3 Be2 47. Rd4+ Kg5 48. Rg3+ Bg4 49. Ra3 Rf6+ 50. Kg2 Be2 51. Bxe2 Rxe2+ 52. Kg3 a5 53. Rd5+ Kg6 54. Rb5 Re4 55. Rxb6 Rg4+ 56. Kh3 Rxc4 57. Rxa5 Rc3+ 1/2-1/2